[Event "US Amateur Team West Championship"]
[Site "chess24.com"]
[Date "2020.02.17"]
[Round "6"]
[White "Wu, Rochelle"]
[Black "Bick, Gabriel James Koop"]
[Result "0-1"]
[Board "1"]
[WhiteFideId "30908132"]
[WhiteTitle "WIM"]
[WhiteElo "2032"]
[WhiteCountry "USA"]
[WhiteEloChange "-2"]
[BlackFideId "2084058"]
[BlackElo "2397"]
[BlackCountry "USA"]
[BlackEloChange "2"]

1. d4 {[%clk 2:00:00]} Nf6 {[%clk 1:56:06]} 2. c4 {[%clk 1:59:46]} g6 {[%clk
1:56:03]} 3. f3 {[%clk 1:59:25]} Bg7 {[%clk 1:55:58]} 4. e4 {[%clk 1:59:22]} d6
{[%clk 1:55:34]} 5. Nc3 {[%clk 1:59:15]} O-O {[%clk 1:55:26]} 6. Be3 {[%clk
1:58:53]} c5 {[%clk 1:54:40]} 7. Nge2 {[%clk 1:58:44]} Nc6 {[%clk 1:54:29]} 8. d5
{[%clk 1:58:01]} Ne5 {[%clk 1:51:51]} 9. Ng3 {[%clk 1:58:01]} e6 {[%clk 1:51:51]}
10. Be2 {[%clk 1:58:01]} exd5 {[%clk 1:51:51]} 11. cxd5 {[%clk 1:57:53]} a6
{[%clk 1:50:20]} 12. a4 {[%clk 1:57:53]} Bd7 {[%clk 1:49:26]} 13. O-O {[%clk
1:57:53]} b5 {[%clk 0:05:26]} 14. h3 {[%clk 1:57:53]} Nc4 {[%clk 1:37:13]} 15.
Bxc4 {[%clk 1:57:53]} bxc4 {[%clk 1:37:13]} 16. Qe2 {[%clk 1:57:53]} Qa5 {[%clk
1:28:42]} 17. Qxc4 {[%clk 1:57:53]} Rab8 {[%clk 1:25:29]} 18. Rf2 {[%clk
1:57:53]} Rb4 {[%clk 1:21:33]} 19. Qf1 {[%clk 1:57:53]} Rfb8 {[%clk 1:17:56]} 20.
Qc1 {[%clk 1:57:53]} Ne8 {[%clk 1:14:18]} 21. Ra2 {[%clk 1:57:53]} Rb3 {[%clk
1:08:40]} 22. Rc2 {[%clk 1:57:53]} Qb6 {[%clk 1:02:33]} 23. Kh2 {[%clk 1:57:53]}
Qb4 {[%clk 0:58:24]} 24. Bd2 {[%clk 1:57:53]} Qb6 {[%clk 0:53:01]} 25. Nf1 {[%clk
1:57:53]} f5 {[%clk 0:49:03]} 26. Ne3 {[%clk 1:57:53]} Rb4 {[%clk 0:47:27]} 27.
Qf1 {[%clk 1:57:53]} fxe4 {[%clk 0:42:19]} 28. fxe4 {[%clk 1:57:53]} Qd8 {[%clk
0:40:54]} 29. Be1 {[%clk 1:57:53]} Qg5 {[%clk 0:37:49]} 30. Nc4 {[%clk 1:57:53]}
Nf6 {[%clk 0:35:30]} 31. e5 {[%clk 1:57:53]} dxe5 {[%clk 0:31:16]} 32. Bg3 {[%clk
1:57:53]} Nh5 {[%clk 0:27:09]} 33. Ne4 {[%clk 1:57:53]} Qf5 {[%clk 0:25:19]} 34.
Qe2 {[%clk 1:57:53]} Bxa4 {[%clk 0:19:17]} 35. Ncd6 {[%clk 1:57:53]} Nxg3 {[%clk
0:17:21]} 36. Rxa4 {[%clk 1:57:53]} Nxe2 {[%clk 0:14:11]} 37. Rxb4 {[%clk
1:57:53]} cxb4 {[%clk 0:00:55]} 0-1

[Event "US Amateur Team West Championship"]
[Site "chess24.com"]
[Date "2020.02.17"]
[Round "6"]
[White "Jirasek, Ladia"]
[Black "Wu, Derek"]
[Result "1-0"]
[Board "2"]
[WhiteFideId "2094398"]
[WhiteTitle "IM"]
[WhiteElo "2383"]
[WhiteCountry "USA"]
[WhiteEloChange "3"]
[BlackFideId "30914558"]
[BlackElo "2105"]
[BlackCountry "USA"]
[BlackEloChange "-3"]

1. e4 {[%clk 1:53:36]} c5 {[%clk 1:59:59]} 2. Nf3 {[%clk 1:53:36]} d6 {[%clk
1:59:59]} 3. d4 {[%clk 1:53:22]} cxd4 {[%clk 1:59:59]} 4. Nxd4 {[%clk 1:53:22]}
Nf6 {[%clk 1:59:59]} 5. Nc3 {[%clk 1:53:22]} g6 {[%clk 1:59:57]} 6. Be3 {[%clk
1:52:32]} Bg7 {[%clk 1:59:56]} 7. f3 {[%clk 1:52:12]} O-O {[%clk 1:59:54]} 8. Qd2
{[%clk 1:51:51]} Nc6 {[%clk 1:59:54]} 9. Bc4 {[%clk 1:51:44]} Bd7 {[%clk
1:59:51]} 10. O-O-O {[%clk 1:51:42]} Rc8 {[%clk 1:59:29]} 11. Bb3 {[%clk
1:51:25]} Nxd4 {[%clk 1:59:23]} 12. Bxd4 {[%clk 1:51:16]} b5 {[%clk 1:59:17]} 13.
Nd5 {[%clk 1:50:48]} Nxd5 {[%clk 1:59:17]} 14. Bxg7 {[%clk 1:50:48]} Kxg7 {[%clk
1:59:17]} 15. exd5 {[%clk 1:50:48]} a5 {[%clk 1:59:11]} 16. a3 {[%clk 1:50:48]}
Kg8 {[%clk 1:58:19]} 17. Rhe1 {[%clk 1:49:32]} b4 {[%clk 1:50:33]} 18. axb4
{[%clk 1:49:07]} axb4 {[%clk 1:49:49]} 19. Qxb4 {[%clk 1:48:08]} Rb8 {[%clk
1:48:32]} 20. Qd4 {[%clk 1:46:01]} Qa5 {[%clk 1:47:03]} 21. Rxe7 {[%clk 1:24:48]}
Rxb3 {[%clk 1:46:39]} 22. cxb3 {[%clk 0:58:59]} Rc8+ {[%clk 1:46:33]} 23. Kb1
{[%clk 0:58:51]} Bf5+ {[%clk 1:46:27]} 24. Re4 {[%clk 0:58:24]} Ra8 {[%clk
1:43:57]} 25. Qc3 {[%clk 0:49:09]} Qa1+ {[%clk 1:33:33]} 26. Kc2 {[%clk 0:49:06]}
Qa6 {[%clk 1:33:22]} 27. Kd2 {[%clk 0:42:09]} Bxe4 {[%clk 1:31:48]} 28. fxe4
{[%clk 0:42:09]} Rc8 {[%clk 1:26:22]} 29. Qd4 {[%clk 0:39:17]} Qb5 {[%clk
1:19:07]} 30. Rc1 {[%clk 0:29:53]} Rxc1 {[%clk 1:17:40]} 31. Kxc1 {[%clk
0:29:53]} Qf1+ {[%clk 1:15:43]} 32. Kc2 {[%clk 0:29:53]} Qxg2+ {[%clk 1:15:05]}
33. Kc3 {[%clk 0:29:53]} Qxh2 {[%clk 1:14:19]} 34. b4 {[%clk 0:29:33]} Qe2 {[%clk
1:13:38]} 35. Qc4 {[%clk 0:18:26]} Qe3+ {[%clk 1:06:47]} 36. Qd3 {[%clk 0:09:04]}
Qxd3+ {[%clk 0:48:32]} 37. Kxd3 {[%clk 0:07:44]} Kf8 {[%clk 0:48:32]} 38. b5
{[%clk 0:07:32]} Ke7 {[%clk 0:48:30]} 39. b6 {[%clk 0:06:22]} Kd7 {[%clk
0:48:09]} 40. Kc4 {[%clk 0:06:09]} f5 {[%clk 0:34:56]} 41. e5 {[%clk 0:04:09]}
dxe5 {[%clk 0:34:26]} 42. Kc5 {[%clk 0:03:26]} Kc8 {[%clk 0:19:57]} 43. Kc6
{[%clk 0:03:03]} e4 {[%clk 0:19:13]} 44. b7+ {[%clk 0:02:52]} 1-0

[Event "US Amateur Team West Championship"]
[Site "chess24.com"]
[Date "2020.02.17"]
[Round "6"]
[White "Saikhanchimeg, Tsogtsaikhan"]
[Black "Taghizadeh, Rayan"]
[Result "0-1"]
[Board "3"]
[WhiteFideId "4901533"]
[WhiteElo "2042"]
[WhiteCountry "MGL"]
[WhiteEloChange "-4"]
[BlackFideId "2054019"]
[BlackTitle "FM"]
[BlackElo "2311"]
[BlackCountry "USA"]
[BlackEloChange "4"]

1. e4 {[%clk 1:57:49]} c5 {[%clk 1:52:20]} 2. Nf3 {[%clk 1:57:07]} e6 {[%clk
1:51:50]} 3. d4 {[%clk 1:56:47]} cxd4 {[%clk 1:51:44]} 4. Nxd4 {[%clk 1:56:47]}
a6 {[%clk 1:51:34]} 5. Bd3 {[%clk 1:55:02]} Bc5 {[%clk 1:50:16]} 6. Nb3 {[%clk
1:54:43]} Ba7 {[%clk 1:50:16]} 7. Nc3 {[%clk 1:48:58]} Nc6 {[%clk 1:50:10]} 8.
O-O {[%clk 1:48:34]} d6 {[%clk 1:50:00]} 9. Kh1 {[%clk 1:38:53]} Nf6 {[%clk
1:49:21]} 10. f4 {[%clk 1:38:06]} b5 {[%clk 1:47:54]} 11. Qf3 {[%clk 1:31:22]}
Bd7 {[%clk 1:39:21]} 12. Be3 {[%clk 1:15:29]} Bxe3 {[%clk 1:18:19]} 13. Qxe3
{[%clk 1:15:22]} e5 {[%clk 1:15:50]} 14. Nd5 {[%clk 1:09:17]} Rb8 {[%clk
0:58:14]} 15. Rad1 {[%clk 1:01:09]} O-O {[%clk 0:52:18]} 16. c3 {[%clk 0:58:15]}
exf4 {[%clk 0:48:27]} 17. Qxf4 {[%clk 0:57:36]} Nxd5 {[%clk 0:47:33]} 18. exd5
{[%clk 0:57:36]} Ne5 {[%clk 0:47:33]} 19. Nd4 {[%clk 0:53:30]} g6 {[%clk
0:37:23]} 20. Nf3 {[%clk 0:45:18]} f6 {[%clk 0:37:02]} 21. Nd4 {[%clk 0:39:04]}
Qe7 {[%clk 0:36:10]} 22. Qg3 {[%clk 0:35:34]} Kh8 {[%clk 0:35:02]} 23. Nf3 {[%clk
0:17:24]} Rbe8 {[%clk 0:30:04]} 24. Rfe1 {[%clk 0:12:30]} Qg7 {[%clk 0:26:29]}
25. h3 {[%clk 0:09:38]} f5 {[%clk 0:23:40]} 26. Be2 {[%clk 0:07:05]} h6 {[%clk
0:19:48]} 27. a4 {[%clk 0:02:53]} g5 {[%clk 0:14:38]} 28. axb5 {[%clk 0:02:13]}
axb5 {[%clk 0:14:38]} 29. Nxe5 {[%clk 0:02:07]} Rxe5 {[%clk 0:11:56]} 30. Bf3
{[%clk 0:00:57]} Rfe8 {[%clk 0:09:11]} 31. Rxe5 {[%clk 0:00:54]} Rxe5 {[%clk
0:08:41]} 32. Rd4 {[%clk 0:00:23]} Qe7 {[%clk 0:07:20]} 33. Kh2 {[%clk 0:00:23]}
Re3 {[%clk 0:05:55]} 34. Qf2 {[%clk 0:00:23]} Kg7 {[%clk 0:05:26]} 35. Rd1 {[%clk
0:00:09]} g4 {[%clk 0:05:13]} 36. hxg4 {[%clk 0:00:06]} fxg4 {[%clk 0:05:13]} 37.
Qg3 {[%clk 0:00:02]} Kh7 {[%clk 0:04:02]} 38. Rf1 {[%clk 0:00:02]} gxf3 {[%clk
0:03:53]} 39. Rxf3 {[%clk 0:00:02]} Rxf3 {[%clk 0:03:22]} 40. Qxf3 {[%clk
0:00:02]} Qe5+ {[%clk 0:02:20]} 41. Kg1 {[%clk 0:00:02]} Bf5 {[%clk 0:01:39]} 42.
Qh5 {[%clk 0:22:30]} Qxd5 {[%clk 0:24:26]} 43. Qe8 {[%clk 0:21:54]} Bg6 {[%clk
0:24:09]} 44. Qe7+ {[%clk 0:21:02]} Bf7 {[%clk 0:24:09]} 45. Qd7 {[%clk 0:19:48]}
h5 {[%clk 0:21:52]} 46. Qe7 {[%clk 0:15:07]} Kg6 {[%clk 0:21:07]} 47. Qd7 {[%clk
0:15:00]} Qe5 {[%clk 0:20:50]} 48. Qh3 {[%clk 0:13:22]} Kg5 {[%clk 0:17:10]} 49.
Qd3 {[%clk 0:11:57]} Bc4 {[%clk 0:15:58]} 50. Qh7 {[%clk 0:09:07]} Bd5 {[%clk
0:15:13]} 51. Qd7 {[%clk 0:07:19]} Kf4 {[%clk 0:14:16]} 52. Kh2 {[%clk 0:04:33]}
Ke3+ {[%clk 0:13:24]} 53. Kg1 {[%clk 0:04:29]} Qg3 {[%clk 0:12:38]} 54. Qa7+
{[%clk 0:01:59]} Ke2 {[%clk 0:12:38]} 55. Qe7+ {[%clk 0:00:24]} Kd1 {[%clk
0:11:51]} 0-1

[Event "US Amateur Team West Championship"]
[Site "chess24.com"]
[Date "2020.02.17"]
[Round "6"]
[White "Lemkin, Ben"]
[Black "Doyle, Bryon"]
[Result "0-1"]
[Board "4"]
[WhiteFideId "30965098"]
[WhiteElo "1524"]
[WhiteCountry "USA"]
[WhiteEloChange "-2"]
[BlackFideId "2053136"]
[BlackElo "2043"]
[BlackCountry "USA"]
[BlackEloChange "2"]

1. e4 {[%clk 2:00:00]} e5 {[%clk 1:59:37]} 2. Nf3 {[%clk 1:59:57]} Nc6 {[%clk
1:59:37]} 3. Nc3 {[%clk 1:59:51]} Nf6 {[%clk 1:59:37]} 4. d4 {[%clk 1:59:47]}
exd4 {[%clk 1:59:35]} 5. Nxd4 {[%clk 1:59:44]} Bb4 {[%clk 1:59:34]} 6. Nxc6
{[%clk 1:59:38]} bxc6 {[%clk 1:59:02]} 7. Bd3 {[%clk 1:59:19]} d5 {[%clk
1:58:47]} 8. Bd2 {[%clk 1:58:33]} O-O {[%clk 1:48:18]} 9. O-O {[%clk 1:57:55]}
Re8 {[%clk 1:45:20]} 10. Re1 {[%clk 1:51:25]} Bg4 {[%clk 1:39:44]} 11. Qc1 {[%clk
1:44:43]} dxe4 {[%clk 1:29:09]} 12. Nxe4 {[%clk 1:38:09]} Rxe4 {[%clk 1:28:35]}
13. Rxe4 {[%clk 1:27:50]} Bxd2 {[%clk 1:28:19]} 14. Qxd2 {[%clk 1:25:32]} Nxe4
{[%clk 1:28:13]} 15. Qf4 {[%clk 1:25:05]} Nf6 {[%clk 1:27:57]} 16. h3 {[%clk
1:22:05]} Bh5 {[%clk 1:27:41]} 17. g4 {[%clk 1:19:45]} Bg6 {[%clk 1:27:39]} 18.
g5 {[%clk 1:18:30]} Nd5 {[%clk 1:26:06]} 0-1

[Event "US Amateur Team West Championship"]
[Site "chess24.com"]
[Date "2020.02.17"]
[Round "6"]
[White "Sevillano, Enrico"]
[Black "Arne, Mike"]
[Result "1-0"]
[Board "1"]
[WhiteFideId "5200156"]
[WhiteTitle "GM"]
[WhiteElo "2447"]
[WhiteCountry "USA"]
[WhiteEloChange "1"]
[BlackFideId "2006880"]
[BlackElo "2045"]
[BlackCountry "USA"]
[BlackEloChange "-2"]

1. e4 {[%clk 1:59:56]} c6 {[%clk 1:52:39]} 2. c4 {[%clk 1:59:39]} d5 {[%clk
1:49:59]} 3. exd5 {[%clk 1:59:04]} cxd5 {[%clk 1:49:59]} 4. cxd5 {[%clk 1:59:00]}
Nf6 {[%clk 1:48:47]} 5. Nc3 {[%clk 1:59:00]} Nxd5 {[%clk 1:46:34]} 6. Nf3 {[%clk
1:58:57]} e6 {[%clk 1:46:12]} 7. d4 {[%clk 1:58:56]} Be7 {[%clk 1:45:55]} 8. Bd3
{[%clk 1:58:53]} O-O {[%clk 1:45:53]} 9. O-O {[%clk 1:58:30]} Nc6 {[%clk
1:45:34]} 10. Bb1 {[%clk 1:51:03]} Nxc3 {[%clk 1:39:36]} 11. bxc3 {[%clk
1:51:02]} b6 {[%clk 1:38:50]} 12. Qd3 {[%clk 1:45:37]} g6 {[%clk 1:38:48]} 13.
Bh6 {[%clk 1:45:33]} Re8 {[%clk 1:38:48]} 14. Bc2 {[%clk 1:40:05]} Bb7 {[%clk
1:23:42]} 15. Ba4 {[%clk 1:37:48]} Qd5 {[%clk 1:05:50]} 16. c4 {[%clk 1:33:05]}
Qh5 {[%clk 1:03:26]} 17. Qe3 {[%clk 1:26:02]} Bf6 {[%clk 0:48:52]} 18. Qf4 {[%clk
1:21:32]} Nxd4 {[%clk 0:41:09]} 19. Qxf6 {[%clk 1:18:33]} Nxf3+ {[%clk 0:41:07]}
20. gxf3 {[%clk 1:18:33]} Qxh6 {[%clk 0:41:03]} 21. Bxe8 {[%clk 1:18:28]} Rxe8
{[%clk 0:40:09]} 22. Rfd1 {[%clk 1:00:58]} Qg7 {[%clk 0:35:34]} 23. Qxg7+ {[%clk
0:49:26]} Kxg7 {[%clk 0:35:34]} 24. Rd7 {[%clk 0:32:32]} Bxf3 {[%clk 0:34:39]}
25. Rxa7 {[%clk 0:32:32]} e5 {[%clk 0:30:17]} 26. Ra6 {[%clk 0:31:35]} Rd8 {[%clk
0:11:31]} 27. Rxb6 {[%clk 0:25:48]} Rd4 {[%clk 0:24:14]} 28. h3 {[%clk 0:23:09]}
Rxc4 {[%clk 0:22:19]} 29. Rb3 {[%clk 0:21:19]} e4 {[%clk 0:21:50]} 30. a4 {[%clk
0:21:15]} h5 {[%clk 0:18:09]} 31. a5 {[%clk 0:18:00]} Rc5 {[%clk 0:17:33]} 32. h4
{[%clk 0:17:55]} g5 {[%clk 0:16:22]} 33. a6 {[%clk 0:17:43]} gxh4 {[%clk
0:16:22]} 34. Rxf3 {[%clk 0:17:37]} exf3 {[%clk 0:16:07]} 35. a7 {[%clk 0:17:37]}
1-0

[Event "US Amateur Team West Championship"]
[Site "chess24.com"]
[Date "2020.02.17"]
[Round "6"]
[White "Mackenzie, Dana"]
[Black "Viswanathan, Arul"]
[Result "1-0"]
[Board "2"]
[WhiteFideId "2010925"]
[WhiteElo "2023"]
[WhiteCountry "USA"]
[WhiteEloChange "5"]
[BlackFideId "2080559"]
[BlackElo "1837"]
[BlackCountry "USA"]
[BlackEloChange "-5"]

1. e4 {[%clk 2:00:00]} c5 {[%clk 1:59:55]} 2. f4 {[%clk 1:59:58]} d6 {[%clk
1:59:51]} 3. Nf3 {[%clk 1:59:45]} a6 {[%clk 1:59:19]} 4. c3 {[%clk 1:53:36]} Nf6
{[%clk 1:58:42]} 5. d3 {[%clk 1:52:07]} Nbd7 {[%clk 1:58:34]} 6. Na3 {[%clk
1:49:27]} b6 {[%clk 1:58:12]} 7. g3 {[%clk 1:48:43]} Bb7 {[%clk 1:58:04]} 8. Bg2
{[%clk 1:48:43]} Qc7 {[%clk 1:57:13]} 9. O-O {[%clk 1:48:35]} g6 {[%clk 1:55:47]}
10. Bd2 {[%clk 1:44:51]} Bg7 {[%clk 1:55:42]} 11. Qe2 {[%clk 1:38:01]} Rc8 {[%clk
1:55:03]} 12. Nh4 {[%clk 1:34:36]} e5 {[%clk 1:47:40]} 13. f5 {[%clk 1:32:08]}
O-O {[%clk 1:46:54]} 14. g4 {[%clk 1:30:34]} Rcd8 {[%clk 1:31:52]} 15. g5 {[%clk
1:27:34]} Ne8 {[%clk 1:31:46]} 16. c4 {[%clk 1:25:25]} Bc6 {[%clk 1:30:50]} 17.
Bh3 {[%clk 1:24:28]} b5 {[%clk 1:29:57]} 18. Qe1 {[%clk 1:17:55]} gxf5 {[%clk
1:22:51]} 19. Nxf5 {[%clk 1:17:33]} Nb6 {[%clk 1:19:06]} 20. Qh4 {[%clk 1:07:24]}
Kh8 {[%clk 1:16:46]} 21. Nxg7 {[%clk 0:57:52]} Nxg7 {[%clk 1:16:46]} 22. Rf6
{[%clk 0:57:49]} Ne8 {[%clk 1:15:14]} 23. g6 {[%clk 0:55:24]} Nxf6 {[%clk
1:13:48]} 24. Qxf6+ {[%clk 0:55:23]} Kg8 {[%clk 1:13:47]} 25. gxh7+ {[%clk
0:55:12]} 1-0

[Event "US Amateur Team West Championship"]
[Site "chess24.com"]
[Date "2020.02.17"]
[Round "6"]
[White "Eswaran, Aksithi"]
[Black "Quander, Marshall"]
[Result "1/2-1/2"]
[Board "3"]
[WhiteFideId "2083485"]
[WhiteTitle "WCM"]
[WhiteElo "1745"]
[WhiteCountry "USA"]
[WhiteEloChange "1"]
[BlackFideId "30921759"]
[BlackElo "1791"]
[BlackCountry "USA"]
[BlackEloChange "-1"]

1. e4 {[%clk 0:02:53]} d5 {[%clk 1:41:54]} 2. exd5 {[%clk 1:59:54]} Qxd5 {[%clk
1:41:54]} 3. Nc3 {[%clk 1:59:52]} Qd8 {[%clk 1:41:54]} 4. d4 {[%clk 1:58:46]} Nf6
{[%clk 1:41:52]} 5. Be3 {[%clk 1:53:59]} Bg4 {[%clk 1:35:33]} 6. Qd2 {[%clk
1:53:01]} e6 {[%clk 1:30:30]} 7. a3 {[%clk 1:51:06]} c6 {[%clk 1:27:22]} 8. Bc4
{[%clk 1:48:19]} Nbd7 {[%clk 1:26:28]} 9. Nge2 {[%clk 1:45:04]} Bd6 {[%clk
1:24:17]} 10. O-O {[%clk 1:42:31]} O-O {[%clk 1:20:47]} 11. h3 {[%clk 1:41:23]}
Bf5 {[%clk 1:18:35]} 12. Rad1 {[%clk 1:32:16]} b5 {[%clk 1:17:15]} 13. Ba2 {[%clk
1:31:05]} a5 {[%clk 1:16:04]} 14. Bf4 {[%clk 1:17:42]} Nb6 {[%clk 1:13:55]} 15.
Bxd6 {[%clk 1:11:51]} Qxd6 {[%clk 1:13:52]} 16. Bb3 {[%clk 0:57:09]} Rfd8 {[%clk
1:10:48]} 17. Ng3 {[%clk 0:53:55]} Bg6 {[%clk 0:56:10]} 18. Rfe1 {[%clk 0:51:35]}
a4 {[%clk 0:54:02]} 19. Ba2 {[%clk 0:51:18]} b4 {[%clk 0:53:10]} 20. axb4 {[%clk
0:46:49]} Qxb4 {[%clk 0:47:28]} 21. Nce4 {[%clk 0:33:07]} Qxb2 {[%clk 0:45:14]}
22. Nxf6+ {[%clk 0:31:14]} gxf6 {[%clk 0:45:13]} 23. Rb1 {[%clk 0:28:36]} Qxa2
{[%clk 0:44:30]} 24. Rxb6 {[%clk 0:28:29]} Qd5 {[%clk 0:34:05]} 25. c3 {[%clk
0:24:37]} c5 {[%clk 0:28:33]} 26. Rd1 {[%clk 0:23:43]} a3 {[%clk 0:25:33]} 27.
Ne2 {[%clk 0:22:43]} cxd4 {[%clk 0:22:03]} 28. cxd4 {[%clk 0:22:32]} a2 {[%clk
0:16:47]} 29. Ra1 {[%clk 0:22:04]} Qa5 {[%clk 0:15:01]} 30. Qxa5 {[%clk 0:21:45]}
Rxa5 {[%clk 0:15:01]} 31. Rb2 {[%clk 0:21:22]} Bd3 {[%clk 0:12:42]} 32. Raxa2
{[%clk 0:20:34]} Rxa2 {[%clk 0:12:34]} 33. Rxa2 {[%clk 0:20:34]} Bxe2 {[%clk
0:12:30]} 34. Rxe2 {[%clk 0:20:34]} Rxd4 {[%clk 0:12:28]} 35. Kh2 {[%clk
0:20:09]} f5 {[%clk 0:12:06]} 36. Rc2 {[%clk 0:17:28]} h5 {[%clk 0:10:49]} 37.
Kg3 {[%clk 0:13:54]} f4+ {[%clk 0:09:28]} 38. Kh4 {[%clk 0:07:22]} f3+ {[%clk
0:08:48]} 39. Kg3 {[%clk 0:07:12]} fxg2 {[%clk 0:08:43]} 40. Kxg2 {[%clk
0:07:12]} Kg7 {[%clk 0:08:08]} 41. Rc5 {[%clk 0:05:02]} Kg6 {[%clk 0:07:37]} 42.
Kg3 {[%clk 0:04:53]} f6 {[%clk 0:06:23]} 43. Rc8 {[%clk 0:04:10]} h4+ {[%clk
0:02:44]} 44. Kf3 {[%clk 0:03:58]} Kf5 {[%clk 0:02:01]} 45. Rh8 {[%clk 0:03:37]}
Rf4+ {[%clk 0:01:21]} 46. Ke3 {[%clk 0:03:15]} e5 {[%clk 0:01:09]} 47. Rh5+
{[%clk 0:02:33]} Ke6 {[%clk 0:00:50]} 48. Rh8 {[%clk 0:01:37]} Ra4 {[%clk
0:28:16]} 49. Kf3 {[%clk 0:31:29]} f5 {[%clk 0:27:39]} 50. Rh6+ {[%clk 0:31:07]}
Kd5 {[%clk 0:27:26]} 51. Rh5 {[%clk 0:30:16]} Rf4+ {[%clk 0:24:50]} 52. Ke3
{[%clk 0:30:13]} Kc4 {[%clk 0:01:45]} 53. Rg5 {[%clk 0:29:33]} Kc3 {[%clk
0:22:32]} 54. Rh5 {[%clk 0:29:01]} Kc2 {[%clk 0:22:26]} 55. Rg5 {[%clk 0:27:52]}
Kc1 {[%clk 0:20:02]} 56. Rg1+ {[%clk 0:27:07]} Kb2 {[%clk 0:19:59]} 57. Rg5
{[%clk 0:27:02]} Kc2 {[%clk 0:19:53]} 58. Rh5 {[%clk 0:26:47]} Kc3 {[%clk
0:18:27]} 59. Rg5 {[%clk 0:26:30]} Kc4 {[%clk 0:18:22]} 60. Rh5 {[%clk 0:25:06]}
Kd5 {[%clk 0:18:19]} 61. Rg5 {[%clk 0:24:31]} Ra4 {[%clk 0:17:06]} 62. Rxf5
{[%clk 0:24:21]} Ra3+ {[%clk 0:16:59]} 63. Ke2 {[%clk 0:24:18]} Ke4 {[%clk
0:13:55]} 64. Rh5 {[%clk 0:23:32]} Rxh3 {[%clk 0:03:01]} 65. Kf1 {[%clk 0:22:52]}
Kf3 {[%clk 0:10:18]} 66. Rf5+ {[%clk 0:21:05]} Ke4 {[%clk 0:10:10]} 1/2-1/2

[Event "US Amateur Team West Championship"]
[Site "chess24.com"]
[Date "2020.02.17"]
[Round "6"]
[White "Santanna, Paulo"]
[Black "Uzzaman, Ashik"]
[Result "1-0"]
[Board "4"]
[WhiteElo "1894"]
[WhiteCountry "USA"]
[WhiteFideId "2027402"]
[WhiteEloChange "9"]
[BlackFideId "2087316"]
[BlackElo "1864"]
[BlackCountry "USA"]
[BlackEloChange "-9"]

1. d4 {[%clk 2:00:00]} e6 {[%clk 1:59:57]} 2. Nc3 {[%clk 1:59:53]} f5 {[%clk
1:59:55]} 3. e4 {[%clk 1:59:36]} fxe4 {[%clk 1:59:29]} 4. Nxe4 {[%clk 1:59:34]}
Nf6 {[%clk 1:59:29]} 5. Bg5 {[%clk 1:59:11]} Be7 {[%clk 1:59:27]} 6. Bxf6 {[%clk
1:58:57]} Bxf6 {[%clk 1:59:26]} 7. Nf3 {[%clk 1:58:55]} O-O {[%clk 1:59:17]} 8.
Bd3 {[%clk 1:57:43]} Nc6 {[%clk 1:58:46]} 9. c3 {[%clk 1:57:13]} d5 {[%clk
1:57:53]} 10. Nxf6+ {[%clk 1:56:18]} Qxf6 {[%clk 1:57:49]} 11. Qe2 {[%clk
1:55:59]} Bd7 {[%clk 1:57:22]} 12. O-O {[%clk 1:54:00]} Rae8 {[%clk 1:56:37]} 13.
Rae1 {[%clk 1:53:29]} a6 {[%clk 1:53:39]} 14. b4 {[%clk 1:47:16]} b5 {[%clk
1:49:58]} 15. Qc2 {[%clk 1:43:50]} g6 {[%clk 1:49:19]} 16. Ne5 {[%clk 1:42:24]}
Nxe5 {[%clk 1:49:15]} 17. Rxe5 {[%clk 1:42:11]} a5 {[%clk 1:47:47]} 18. Rfe1
{[%clk 1:24:24]} axb4 {[%clk 1:47:16]} 19. cxb4 {[%clk 1:24:18]} c6 {[%clk
1:47:15]} 20. R1e3 {[%clk 1:23:39]} Ra8 {[%clk 1:43:11]} 21. h4 {[%clk 1:19:22]}
Qxh4 {[%clk 1:27:05]} 22. Bxg6 {[%clk 1:16:29]} Qxd4 {[%clk 1:26:12]} 23. Bxh7+
{[%clk 1:16:01]} Kf7 {[%clk 1:26:07]} 24. Qg6+ {[%clk 1:14:50]} Ke7 {[%clk
1:26:03]} 25. Qg7+ {[%clk 1:10:44]} Rf7 {[%clk 1:24:03]} 26. Rxe6+ {[%clk
1:10:12]} Bxe6 {[%clk 1:24:02]} 27. Qxd4 {[%clk 1:10:12]} Rxh7 {[%clk 1:23:06]}
28. Qe5 {[%clk 1:07:49]} Kd7 {[%clk 1:21:50]} 29. Qxe6+ {[%clk 1:07:42]} Kc7
{[%clk 1:21:50]} 30. Rc3 {[%clk 1:06:04]} 1-0

[Event "US Amateur Team West Championship"]
[Site "chess24.com"]
[Date "2020.02.17"]
[Round "6"]
[White "Wang, Henry"]
[Black "Eswaran, Ashritha"]
[Result "0-1"]
[Board "1"]
[WhiteFideId "30927080"]
[WhiteElo "2035"]
[WhiteCountry "USA"]
[WhiteEloChange "-5"]
[BlackFideId "2080788"]
[BlackTitle "WIM"]
[BlackElo "2244"]
[BlackCountry "USA"]
[BlackEloChange "5"]

1. f4 {[%clk 2:00:00]} d5 {[%clk 1:56:51]} 2. Nf3 {[%clk 2:00:00]} Nf6 {[%clk
1:56:16]} 3. g3 {[%clk 2:00:00]} g6 {[%clk 1:56:11]} 4. Bg2 {[%clk 2:00:00]} Bg7
{[%clk 1:56:07]} 5. O-O {[%clk 2:00:00]} O-O {[%clk 1:56:06]} 6. d3 {[%clk
1:59:53]} c5 {[%clk 1:56:01]} 7. Qe1 {[%clk 1:59:53]} Nc6 {[%clk 1:56:00]} 8. e4
{[%clk 1:59:53]} dxe4 {[%clk 1:55:57]} 9. dxe4 {[%clk 1:59:53]} e5 {[%clk
1:55:53]} 10. Nc3 {[%clk 1:59:52]} Nd4 {[%clk 1:55:10]} 11. Rf2 {[%clk 1:58:28]}
Ng4 {[%clk 1:40:45]} 12. Rd2 {[%clk 1:58:08]} f6 {[%clk 1:26:10]} 13. Nd5 {[%clk
1:55:29]} Be6 {[%clk 1:21:02]} 14. c3 {[%clk 1:52:28]} Nxf3+ {[%clk 1:19:36]} 15.
Bxf3 {[%clk 1:52:28]} Nh6 {[%clk 1:19:16]} 16. f5 {[%clk 1:44:17]} gxf5 {[%clk
1:14:06]} 17. Nf4 {[%clk 1:41:46]} Qe7 {[%clk 1:10:21]} 18. Nxe6 {[%clk 1:40:48]}
Qxe6 {[%clk 1:10:19]} 19. exf5 {[%clk 1:40:39]} Qxf5 {[%clk 1:08:58]} 20. Bxb7
{[%clk 1:39:26]} Rad8 {[%clk 1:08:40]} 21. Bd5+ {[%clk 1:34:49]} Kh8 {[%clk
1:06:23]} 22. c4 {[%clk 1:33:02]} Qg4 {[%clk 1:04:32]} 23. Qf2 {[%clk 1:15:32]}
f5 {[%clk 0:58:29]} 24. Qxc5 {[%clk 0:43:41]} f4 {[%clk 0:56:14]} 25. Qf2 {[%clk
0:34:59]} e4 {[%clk 0:52:55]} 26. Qe2 {[%clk 0:19:28]} Bd4+ {[%clk 0:49:00]} 27.
Kh1 {[%clk 0:19:28]} f3 {[%clk 0:47:22]} 28. Qf1 {[%clk 0:03:16]} f2 {[%clk
0:46:21]} 29. h3 {[%clk 0:03:07]} Qf3+ {[%clk 0:45:58]} 30. Kh2 {[%clk 0:03:04]}
Be5 {[%clk 0:45:58]} 31. Qxf2 {[%clk 0:02:51]} Qxf2+ {[%clk 0:45:52]} 32. Rxf2
{[%clk 0:02:51]} Rxf2+ {[%clk 0:45:52]} 33. Kg1 {[%clk 0:02:51]} Bd4 {[%clk
0:44:29]} 34. Bxh6 {[%clk 0:02:51]} Rf6+ {[%clk 0:44:27]} 35. Kg2 {[%clk
0:02:51]} Rxh6 {[%clk 0:44:27]} 36. Bxe4 {[%clk 0:02:50]} Re6 {[%clk 0:44:17]}
37. Bd5 {[%clk 0:02:41]} Re2+ {[%clk 0:44:16]} 38. Kf3 {[%clk 0:02:41]} Re3+
{[%clk 0:44:07]} 39. Kg2 {[%clk 0:02:37]} Rf8 {[%clk 0:44:07]} 40. h4 {[%clk
0:02:02]} Re2+ {[%clk 0:44:06]} 41. Kh3 {[%clk 0:02:02]} h5 {[%clk 0:43:54]} 42.
Rd1 {[%clk 0:01:44]} Rff2 {[%clk 0:43:54]} 43. Rh1 {[%clk 0:01:27]} Re3 {[%clk
0:42:18]} 44. b4 {[%clk 0:01:10]} Be5 {[%clk 0:42:15]} 45. Rg1 {[%clk 0:01:10]}
Rxa2 {[%clk 0:42:01]} 46. b5 {[%clk 0:01:08]} Raa3 {[%clk 0:42:00]} 47. c5 {[%clk
0:01:00]} Rxg3+ {[%clk 0:42:00]} 48. Rxg3 {[%clk 0:00:59]} Rxg3+ {[%clk 0:42:00]}
49. Kh2 {[%clk 0:00:59]} Rd3+ {[%clk 0:42:00]} 0-1